000
00282nam a2200121Ia 4500
008
190216s9999||||xx |||||||||||||| ||und||
100
_a
Unnikrishnan Ayuvanthala
245
0
_a
Pizhaavukal
260
_b
Poorna Pubs Kozhikode
_c
1989
300
_a
152
650
_a
Novel
942
_c
BK
999
_c
28227
_d
28227